000 03727nam a2200361 i 4500
001 197974
003 ES-MaACL
005 20260215063018.0
007 ta
008 251121s2025 sp a 001 0 d
017 _aM 21991-2025
_bOficina DL Madrid
020 _a978-84-414-4458-4
040 _aES-MaACL
_erda
_bspa
_cES-MaACL
080 _a61(091)
130 0 _aContribuciones de la Medicina Española al Mundo
_9242531
245 1 0 _aContribuciones de la medicina española al mundo /
_cMiguel Á. Cuesta Valentín, Francisco Mateo Vallejo (coords.)
264 1 _aMadrid ;
_aMéxico ;
_aBuenos Aires ;
_aSantiago de Chile :
_bEdaf,
_c2025
264 4 _c©2025
300 _a572 páginas :
_bilustraciones ;
_c23 cm
336 _aTexto
_2rdacontent
337 _asin mediación
_2rdamedia
338 _avolumen
_2rdacarrier
500 _aEjemplar firmado y dedicado por los coordinadores
520 3 _aUna historia de la medicina, desde la Antigüedad a nuestros días, que pone de relieve las aportaciones que médicos, bioquímicos y farmacólogos españoles han realizado al mundo científico internacional.Contribuciones de la medicina española al mundo, de los doctores Miguel A. cuesta y Francisco Mateo, tiene como objetivo resaltar y dar el lugar merecido a todos los que han aportado conocimientos trascendentes y que han marcado hitos históricos en el desarrollo de la medicina y las ciencias afines.Esta obra recoge una selección de 41 personajes, unas historias fascinantes y reveladoras, gracias a la ayuda de profesionales excepcionales con experiencia en la escritura y elaboración de biografías de personajes de gran relevancia en la historia.Los grandes descubrimientos que han marcado el avance de la medicina en diversos campos, desde la época islámico-judía y el esplendor del Renacimiento hasta el fervor idealista de la Contrarreforma. Las más notables expediciones marítimas, como la de Balmis, que surcaron los océanos para llevar las recién descubiertas vacunas a los confines del mundo.El nacimiento de las primeras escuelas de cirugía en España, en el descubrimiento de nuevas estructuras anatómicas y en la invención de la laringoscopia, concebida en París para desvelar los secretos de la voz de las cantantes de ópera. Exploraremos los albores de la cirugía vascular de manos de San Martín y Goyanes.Los descubrimientos pioneros en neurociencia de Ramón y Cajal y su escuela, seguidos años más tarde por Rafael Yuste y su equipo.Los novedosos hallazgos sobre enzimas de la escuela de Severo Ochoa, necesarios y determinantes para la síntesis de ARN y ADNLas más modernas y avanzadas aportaciones de cardiólogos de renombre mundial, como los hermanos Brugada y Valentín Fuster…Además, evoca la investigación sobre el origen de la vida de Joan Oró y los estudios contemporáneos sobre genética y envejecimiento celular de García Bellido e Izpisúa. Sin olvidar el destacable papel de la Urología y la Oftalmología española al mundo, para concluir el recorrido de esta obra con la labor de dos grandes oncólogos de prestigio internacional: José Baselga y Josep Llovet. (Editorial)
650 4 _aMedicina-
_vHistoria
_914907
700 4 _aCuesta Valentín, Miguel Ángel
_4pbd
_9242532
_epbd
700 4 _aMateo Vallejo, Mateo
_4pbd
_9242533
_epbd
852 _aES-MaACL
_cDEPO1
_jA-15936
_gDedicatorias autógrafas de los coordinadores
_hDonación: Miguel Á. Cuesta Valentín, Francisco Mateo Vallejo
_xEncuadernación rústica con solapas
_9207067
942 _cMONOGRAFIA
_n0
999 _c197974
_d197974